00560nam a2200205Ia 4500003000400000005001700004008004100021020002200062040000700084041000800091082002200099100008700121245003600208250000600244260003600250300001700286365001400303650001400317650002300331OSt20230620110104.0210423s2013 xx 000 0 und d a978-81-265-4080-8 cAL aeng a541.38 223bFRIN aFRIEDLANDER (Gerhart);KENNEDY (Joseph W);MACIAS (Edward S);MILLER (Julian Malcolm) aNuclear and radiochemistry Ed 3 a3 aNew DelhibWiley and Sonsc2013 axiii,684bPB b2999cINR aChemistry aPhysical Chemistry